00699nam a22001817a 4500003000900000008004100009040007100050082001800121100001600139245004000155260003900195300002800234505015200262650001300414650002000427650003000447700004000477AR-CdUCM190515b ||||| |||| 00| 0 spa d aMUNICIPALIDAD PROVINCIAL DEL CUSCOcBIBLIOTECA MUNICIPAL DEL CUSCO a335.4 /bG212 aGaraudy, R. aLecciones de filosofía marxista / aMéxico, D.F : bGrijalbo,c1966. a314 páginas ;c22 cm. aContenido: Metodología Marxista -- ¿Qué es filosofía? -- Lucha de clases y la verdad objetiva -- El espíritu del partido en filosofía... aMarxismo aClases sociales aMaterialismo dialéctico aMaroto, Luis Ramón (traducción)